000 00323nam a22001217a 4500
008 140122b xxu||||| |||| 00| 0 eng d
050 _aPQ2229.V4
100 _aDumas, Alexandre
_96980
245 _aThe Vicomte de Bragelonne
260 _aLondon
_bBritish Books
_cno date
300 _a635p.
_c15cm
942 _2lcc
_cMONOGRAPH
999 _c119664
_d119664